00971 2200301 4500001002100000005001500021035002000036007000300056008004100059020002200100082001500122084001700137100002800154245016000182250003200342300003000374650002400404700002900428264003800457336002100495337003000516338002300546040002200569090002200591850001200613999002200625990002200647INLIS00000000087856820230519095424 a0010-0523000445ta230519s2023 yoi g ind d a978-623-5283-60-904223a297.65 a297.65 NUR m0 aNurul AzizahePengarang10aMuslimat NU militan untuk NKRI :bperan muslimat NU dalam menjaga NKRI dari rongrongan kaum minhum di era digital /cNurul Azizah; penyunting, Langit Quinn aCetakan Pertama, April 2023 axvi, 239 halaman ;c21 cm 4aIslam--xOrganisasi0 aLangit QuinnePenyunting31aYogyakarta :bSintesa News,c2023 2rdacontentateks 2rdamediaatanpa perantara 2rdacarrieravolume aYOPDYOGbinderda aCB-D.11 2023-0392 aYOPDYOG aCB-D.11/2023-0392 aCB-D.11/2023-0392